000 00794nam a2200193 a 4500
003 0
005 20250224110216.0
008 110105s19uu xx 00 eng d
050 _aPHS D 802.P5
_b.M14 2010
100 _aMcDonald, Guinevere Lynn R.
245 _aThe contributions of the guerilla movement to the liberation of the Philippines during world war II /
_cGuinevere Lynn R. McDonald.
260 _aLas PiƱas City, Philippines :
_bSouthville International School and Colleges,
_c2010.
300 _a42 pages :
_billustrations ;
_c30 cm.
504 _aIncludes bibliographical references.
650 _aGuerrillas
_zPhilippines
_xHistory.
650 _aResistance movements, War
_zPhilippines.
650 _aWorld War, 1939-1945
_xUnderground movements
_zPhilippines.
942 _2lcc
_cPASS
999 _c98486
_d98486